MARC

LEADER 00000nam0a2200000 4500
001 307379
005 20231102002004.0
020 |a RU  |b 82-86837 
035 |a (RuTPU)RU\TPU\book\332672 
090 |a 307379 
100 |a 20151020d1982 km y0rusy5003 ca 
101 0 |a rus 
102 |a RU 
105 |a a z 001zy 
200 1 |a Петрогенетическая информативность гранатов метаморфических пород  |f О. В. Авченко  |g Академия наук СССР (АН СССР), Дальневосточный научный центр (ДНЦ), Дальневосточный геологический институт (ДВГИ) 
210 |a Москва  |c Наука  |d 1982 
215 |a 104 с.  |c ил. 
320 |a Библиогр.: с. 100-103 
606 1 |a Гранаты  |x Зональность метаморфичекая  |2 stltpush  |3 (RuTPU)RU\TPU\subj\8539  |9 35935 
610 1 |a петрогенетическая информативность 
610 1 |a метаморфические породы 
610 1 |a химическая зональность 
610 1 |a температурная зависимость 
610 1 |a термодинамический анализ 
610 1 |a зональные гранаты 
610 1 |a метасоматическая зональность 
675 |a 552.125  |z rus  |v 3 
700 1 |a Авченко  |b О. В.  |g Олег Викторович  |4 070 
712 0 2 |a Академия наук СССР (АН СССР)  |b Дальневосточный научный центр (ДНЦ)  |b Дальневосточный геологический институт (ДВГИ)  |c (Владивосток)  |2 stltpush  |3 (RuTPU)RU\TPU\col\11563 
801 0 |a RU  |b RuMRKP  |c 19950704  |g psbo 
801 1 |a RU  |b 63413507  |c 20151020 
801 2 |a RU  |b 63413507  |c 20181019  |g RCR 
942 |c BK